• 首页
  • 本馆介绍
  • 公告通知
  • 最新文献
  • 馆藏检索
  • 电子资源
  • 读者导购
  • 参考咨询
  • 我的图书馆
  • 登录
  • 详细信息显示
  • 放入我的书架
  • 预约/预借图书
  • 作者相关作品
  • 分类相关作品
  • 丛书相关作品
  • 出版社相关作品

书目信息

  • 表格格式
  • 工作单格式
  • 卡片格式
题名:
中研院历史语言研究所集刊论文类编
    
 
作者: ;中华书局编辑部 编
分册: 二   历史编
出版信息: 北京   中华书局  2009.04
页数: 1025-1993页
开本: 27cm
丛书名:
单 册:
中图分类: C53 , K220.7
科图分类:
主题词: 社会科学--文集 , 先秦时代--历史--研究 , 社会科学 , 先秦时代 , 历史
电子资源:
ISBN: 978-7-101-06648-7
000 01355nam0 2200289 450
001 012004367195
005 20091230084021.71
010    @a978-7-101-06648-7@b精装@dCNY400.00,CNY1200.00(全3册)
100    @a20090721d2009 em y0chiy0110 ea
101 0  @achi
102    @aCN@b110000
105    @aa z 000yy
106    @ar
200 1  @a中研院历史语言研究所集刊论文类编@9zhong yan yuan li shi yu yan yan jiu suo ji kan lun wen lei bian@h二@i历史编@i先秦卷@f中华书局编辑部编
210    @a北京@c中华书局@d2009.04
215    @a1025-1993页@c图@d27cm
330    @a史语所从创所开始一直到今天,都是一个多学科、跨领域的研究所,所包含的学门基本上有历史、语言、考古、人类学、文字、文籍考订等,所以《集刊》所收文章的门类也就相当多样。过去一、二十年来,大陆出版界、学术界迭有要求,希望重印《集刊》,作为学术研究的参考。但是《集刊》卷帙浩繁,不易查索,中华书局作为卓负盛誉的出版单位,在获得史语所授权之后,提出以类相从的办法,出版《中研院历史语言研究所集刊论文类编》。本卷收录了多位著名史学研究者的专业论文100余篇,并附有大量图表,是先秦史研究的重要文献。
606 0  @a社会科学@j文集
606 0  @a先秦时代@x历史@x研究
606 0  @a社会科学
606 0  @a先秦时代
606 0  @a历史
690    @aC53@v4
690    @aK220.7@v4
711 02 @a中华书局编辑部@9zhong hua shu ju bian ji bu@4编
801  0 @aCN@bNLC@c20091230
905    @b20798795@dC53@e247:2@f1
    
    中研院历史语言研究所集刊论文类编.二.历史编.先秦卷/中华书局编辑部编.-北京:中华书局,2009.04
    1025-1993页:图;27cm
    
    
    ISBN 978-7-101-06648-7(精装):CNY400.00,CNY1200.00(全3册)
    史语所从创所开始一直到今天,都是一个多学科、跨领域的研究所,所包含的学门基本上有历史、语言、考古、人类学、文字、文籍考订等,所以《集刊》所收文章的门类也就相当多样。过去一、二十年来,大陆出版界、学术界迭有要求,希望重印《集刊》,作为学术研究的参考。但是《集刊》卷帙浩繁,不易查索,中华书局作为卓负盛誉的出版单位,在获得史语所授权之后,提出以类相从的办法,出版《中研院历史语言研究所集刊论文类编》。本卷收录了多位著名史学研究者的专业论文100余篇,并附有大量图表,是先秦史研究的重要文献。
●
相关链接 在E读中查询图书 在五车中查询图书 在当当中查询图书 在豆瓣中查询图书


正题名:中研院历史语言研究所集刊论文类编     索取号:C53/247:2         预约/预借

序号 登录号 条形码 馆藏地/架位号 状态 备注
1 798795   207987954   第一样本阅览室/ [索取号:C53/247:2] 在馆    
唐山师范学院图书馆 欢迎您!
大连网信软件有限公司© 版权所有